[Event "23rd Alekhine FIDE 2019"]
[Site "Voronezh"]
[Date "2019.06.16"]
[Round "5.7"]
[White "Artemov, Nikita"]
[Black "Denishev, Marat"]
[Result "1-0"]
[WhiteElo "2028"]
[BlackElo "2196"]
[Annotator "RC"]
[PlyCount "81"]
[EventDate "2019.06.12"]
[EventType "swiss"]
[EventCountry "RUS"]
[SourceTitle "playchess.com"]
[Source "ChessBase"]
[SourceQuality "1"]
[TimeControl "40/5400+30:1800+30"]

1. e4 {[%emt 0:06:28]} c5 {[%emt 0:00:00]} 2. Nf3 {[%emt 0:00:07]} d6 {[%emt 0:00:00]} 3. d4 cxd4 {[%emt 0:00:00]} 4. Nxd4 {[%emt 0:00:13]} Nf6 {[%emt 0:00:00]} 5. Nc3 {[%emt 0:00:05]} a6 {[%emt 0:00:00]} 6. Bc4 {[%emt 0:01:35]} e6 {[%emt 0:00:07]} 7. Bb3 {[%emt 0:00:09]} b5 {[%emt 0:00:16]} 8. O-O {[%emt 0:00:50]} Be7 {[%emt 0:00:21]} 9. Qf3 {[%emt 0:01:17]} Qc7 {[%emt 0:01:35]} 10. Qg3 {[%emt 0:01:32]} O-O {[%emt 0:01:48]} 11. Bh6 {[%emt 0:00:43]} Ne8 {[%emt 0:00:17]} 12. Rad1 {[%emt 0:06:59]} Bd7 {[%emt 0:00:37]} 13. Bg5 {[%emt 0:13:24]} Bxg5 {[%emt 0:03:01]} 14. Qxg5 {[%emt 0:00:06]} Nc6 {[%emt 0:00:30]} 15. Nce2 {[%emt 0:02:42]} Nf6 {[%emt 0:08:13]} 16. Ng3 {[%emt 0:02:10]} h6 {[%emt 0:02:37]} 17. Qd2 {[%emt 0:01:38]} Rfd8 {[%emt 0:04:08]} 18. c3 {[%emt 0:03:34]} Rac8 {[%emt 0:06:05]} 19. Qe2 {[%emt 0:08:05]} Ne5 {[%emt 0:04:44]} 20. Nh5 {[%emt 0:09:37]} Nxh5 {[%emt 0:02:51]} 21. Qxh5 {[%emt 0:00:06]} Nc4 {[%emt 0:01:08]} 22. Rd3 {[%emt 0:05:24]} Qc5 {[%emt 0:05:58]} 23. Qe2 {[%emt 0:00:09]} Bc6 {[%emt 0:23:34]} 24. Rg3 {[%emt 0:07:22]} Qe5 {[%emt 0:00:32]} 25. f4 {[%emt 0:06:31]} Qf6 {[%emt 0:13:51]} 26. Bxc4 {[%emt 0:00:53]} bxc4 {[%emt 0:00:08]} 27. e5 {[%emt 0:00:49]} Qh4 {[%emt 0:03:39]} 28. Rg4 {[%emt 0:04:51]} Qe7 {[%emt 0:00:14]} 29. f5 {[%emt 0:00:27]} dxe5 {[%emt 0:05:44]} 30. f6 {[%emt 0:08:24]} Qa7 {[%emt 0:03:48]} 31. Rxg7+ Kf8 {[%emt 0:00:01]} 32. Rg8+ {[%emt 0:01:45]} Kxg8 {[%emt 0:00:04]} 33. Qg4+ {[%emt 0:00:06]} Kf8 {[%emt 0:00:02]} 34. Qg7+ {[%emt 0:00:05]} Ke8 {[%emt 0:00:02]} 35. Qg8+ {[%emt 0:00:07]} Kd7 {[%emt 0:00:01]} 36. Qxf7+ {[%emt 0:00:06]} Kd6 {[%emt 0:00:00]} 37. Qxa7 {[%emt 0:00:16]} exd4 {[%emt 0:00:02]} 38. Qe7+ {[%emt 0:01:42]} Kd5 {[%emt 0:00:25]} 39. cxd4 {[%emt 0:00:28]} Bb5 {[%emt 0:02:09]} 40. f7 {[%emt 0:00:52]} Rf8 {[%emt 0:00:03]} 41. Re1 {[%emt 0:30:53]} 1-0

[Event "23rd Alekhine FIDE 2019"]
[Site "Voronezh"]
[Date "2019.06.16"]
[Round "5.8"]
[White "Zhileykin, Andrey"]
[Black "Napalkov, Vladimir"]
[Result "1/2-1/2"]
[WhiteElo "2193"]
[BlackElo "2043"]
[Annotator "TA"]
[PlyCount "154"]
[EventDate "2019.06.12"]
[EventType "swiss"]
[EventCountry "RUS"]
[SourceTitle "playchess.com"]
[Source "ChessBase"]
[SourceQuality "1"]

{[%evp 26,154,0,0,16,9,29,16,60,0,0,0,0,-12,-9,-40,-35,-33,-33,-31,-31,-41,-36,-23,-20,-46,-26,-42,-25,-35,-31,-38,-11,-27,-26,-32,-26,-30,-12,-26,-28,-32,-29,-36,-12,-14,-15,-12,-13,-21,-13,-33,-22,-21,0,0,0,-14,-14,-39,-20,-24,0,-28,-12,-15,-17,-17,-16,-56,-56,-66,-74,-66,-64,-81,-81,-114,-81,-81,-81,-81,-81,-81,-81,-81,-77,-77,-77,-77,-77,-77,-65,-65,-40,-40,-40,-70,-40,-70,-40,-40,-40,-40,-40,-40,-40,-40,-40,-55,-15,-15,-15,-15,-15,-15,0,0,0,-15,0,-15,0,0,0,0,0,0,0,0,0]} 1. e4 c6 2. d4 d5 3. exd5 cxd5 4. c4 Nf6 5. Nc3 e6 6. Nf3 Bb4 7. Bd3 dxc4 8. Bxc4 O-O 9. O-O b6 10. Bg5 Bb7 11. Qe2 Bxc3 12. bxc3 Nbd7 13. Rac1 Qc7 14. Bd3 Rac8 {E54: Nimzo-Indian: Rubinstein: Main Line: 7...dxc4 8 Bxc4} 15. Rfe1 Rfe8 16. Bh4 {[#]} Qb8 $146 ({Predecessor:} 16... Nh5 17. Ng5 g6 18. Nh3 Qd6 19. f3 e5 20. Qb2 exd4 21. cxd4 Rxc1 22. Rxc1 {½-½ (50) Korobov,A (2700)-Wojtaszek,R (2734) Berlin 2015}) 17. Ba6 (17. Bb5 $14) 17... Bxa6 $11 18. Qxa6 b5 19. a4 Nd5 20. axb5 {[#] And now c4 would win.} (20. Bg3 $5 {[%cal Rg3b8]} Qb6 21. Qxb5 Qxb5 22. axb5 Nxc3 23. Ra1 $11) 20... Nxc3 {Strongly threatening ...Ne2+!} 21. Ra1 Qxb5 22. Qxa7 Qc6 23. Qa3 Ra8 24. Qb2 Rec8 25. Qd2 Nd5 26. Rac1 Qb6 27. Bg3 h6 28. h3 Qb4 29. Qd3 Rc3 30. Qe2 Rac8 31. Rb1 Rb3 32. Rxb3 Qxb3 33. Ra1 Qb6 34. Kh2 Qb7 35. Qa2 N7f6 36. Rb1 $1 {[%cal Rb1b7]} Qa8 37. Qb2 Ne7 38. Be5 Nfd5 39. Bd6 Nf5 40. Bc5 Rd8 41. Qc1 Nf6 42. Kg1 Qd5 43. Qf4 Qe4 44. Qc1 Nd5 {Hoping for ...Nc3!} 45. Qe1 Qxe1+ 46. Rxe1 Nf4 47. Ra1 Ne2+ 48. Kh2 Nexd4 49. Nxd4 Nxd4 50. Bxd4 Rxd4 $15 {[%mdl 4096] Endgame KR-KR} 51. Kg3 e5 52. h4 h5 53. Ra5 f6 54. Ra7 Kh7 55. Kh3 Kg6 56. g3 Rd6 57. Re7 Ra6 58. Kg2 Ra5 59. Kf3 f5 60. Re6+ Kf7 61. Rb6 Ra3+ 62. Kg2 e4 63. Rc6 Ra2 64. Kf1 g6 65. Rb6 Ra3 66. Ke2 Rc3 67. Kf1 {[#]} f4 $1 {[%mdl 512]} 68. gxf4 {The position is equal.} Rf3 69. Kg2 Rxf4 70. Kg3 Rg4+ 71. Kh3 Rf4 72. Kg3 Rg4+ 73. Kh3 g5 74. hxg5 Rxg5 75. Rh6 Rf5 76. Kg3 Rf3+ 77. Kg2 Rf5 {Accuracy: White = 62%, Black = 40%.} 1/2-1/2

[Event "23rd Alekhine FIDE 2019"]
[Site "Voronezh"]
[Date "2019.06.16"]
[Round "5.9"]
[White "Bukatin, Arseny"]
[Black "Eliseev, Mikhail"]
[Result "1-0"]
[WhiteElo "2024"]
[BlackElo "2169"]
[Annotator "TA"]
[PlyCount "73"]
[EventDate "2019.06.12"]
[EventType "swiss"]
[EventCountry "RUS"]
[SourceTitle "playchess.com"]
[Source "ChessBase"]
[SourceQuality "1"]

{[%evp 9,73,16,23,31,30,38,48,43,39,38,34,31,89,100,125,127,159,138,141,146,128,72,65,75,75,85,80,56,341,56,121,108,150,138,132,94,111,64,55,64,235,260,275,165,171,185,185,177,144,78,85,66,182,0,0,0,0,0,0,0,0,0,0,0,0,0]} 1. e4 c6 2. d4 d5 3. e5 c5 4. Nf3 Nc6 5. dxc5 Bg4 6. c3 {B12: Caro-Kann: Advance Variation} e6 7. Be3 (7. b4 a6 8. Nbd2 Nxe5 9. Qa4+ Nd7 10. Ne5 Ngf6 11. c4 a5 12. Nb3 axb4 13. Qb5 Be7 {0-1 (53) Topalov,V (2760)-Nakamura,H (2779) London 2016}) 7... Bxf3 8. Qxf3 {White is slightly better.} Nxe5 9. Bb5+ Nc6 10. c4 Nf6 (10... a6 $14 11. Ba4 Qf6) 11. Nc3 $16 a6 12. Ba4 Qa5 13. cxd5 $146 ({Predecessor:} 13. O-O Be7 14. cxd5 exd5 {1-0 (36) Odeev,H (2410)-Yildizak,G (1910) Ankara 2018}) 13... Nxd5 14. O-O Be7 15. Nxd5 (15. a3 $142 $1) 15... exd5 16. Bb3 O-O 17. Qxd5 Rad8 18. Qf5 Bf6 $2 {[%mdl 8192]} (18... Nd4 $14 19. Qe4 (19. Bxd4 Rxd4 20. Rac1 b6 $11) 19... Bxc5) 19. Rad1 $2 ({White must play} 19. Bc2 $18 {[%csl Gc2][%cal Rf5h7]} Rfe8 20. Qxh7+ Kf8 21. Rae1) 19... Rxd1 (19... Nd4 $14 20. Bxd4 Bxd4) 20. Rxd1 {Hoping for g3.} Rd8 21. Rxd8+ Qxd8 22. g4 {aiming for g5.} g6 23. Qf4 Qe7 24. Bd5 Be5 $2 ({Black should play} 24... Qd7 $14) 25. Qe4 $1 $18 Qh4 26. Bxc6 Qxh2+ 27. Kf1 bxc6 28. Qxc6 Bxb2 29. g5 (29. Qe4 $142) 29... Qh3+ $16 {[#]} 30. Ke1 $1 Qg4 {[#]} (30... Bc3+ $14 31. Ke2 (31. Bd2 Qd3 $11) 31... Qf5) 31. Qxa6 $2 ({White should try} 31. Qa8+ $1 $18 Kg7 32. Qd5) 31... Bc3+ $11 {The position is equal.} 32. Kf1 Qd1+ 33. Kg2 {Strongly threatening Qa8+.} Qg4+ 34. Kf1 {Black must now prevent Qa8+.} Qd1+ 35. Kg2 {Threatens to win with Qa8+.} Qg4+ 36. Kf1 {Qa8+ is the strong threat.} Qd1+ 37. Kg2 {[%mdl 32768] Accuracy: White = 32%, Black = 43%. . Sensor Board Error (Ke4/e5)?} 1-0

[Event "23rd Alekhine FIDE 2019"]
[Site "Voronezh"]
[Date "2019.06.16"]
[Round "5.10"]
[White "Kolomensky, Vladimir"]
[Black "Bujakevich, Aleksandr"]
[Result "0-1"]
[WhiteElo "2134"]
[BlackElo "2025"]
[Annotator "TA"]
[PlyCount "76"]
[EventDate "2019.06.12"]
[EventType "swiss"]
[EventCountry "RUS"]
[SourceTitle "playchess.com"]
[Source "ChessBase"]
[SourceQuality "1"]

{[%evp 15,76,0,0,0,0,-7,0,-40,-30,-50,-47,-29,-34,-66,-71,-62,-64,-71,-58,-41,-56,-65,-37,-96,-85,-68,-17,-19,-23,-250,-259,-264,-273,-482,-493,-494,-509,-481,-475,-670,-666,-996,-1005,-1013,-1002,-1700,-1546,-29988,-1664,-1633,-1627,-5814,-1493,-29985,-703,-727,-722,-661,-617,-724,-712,-867,-857]} 1. e4 e5 2. Nf3 Nc6 3. Bc4 Nf6 4. d4 exd4 5. e5 d5 6. Bb5 Nd7 7. O-O Be7 8. Bxc6 bxc6 9. Nxd4 {C56: Two Knights: 4 d4 exd4 5 0-0 Nxe4} Nb8 $1 10. Qf3 O-O 11. Bf4 $146 {The position is equal.} ({Predecessor:} 11. Nf5 Bxf5 12. Qxf5 Qd7 13. Qd3 Qe6 14. Bf4 Nd7 15. Qg3 f6 16. exf6 Nxf6 {0-1 (82) Quparadze,G (2501)-Pashikian,A (2616) Skopje 2019}) 11... c5 12. Nb3 c6 13. c4 Be6 14. cxd5 cxd5 ({Of course not} 14... Bxd5 $6 15. Qg3 $11) 15. Nc3 Na6 16. Rfd1 {[%cal Rc3d5]} d4 17. Ne4 Bd5 18. Nbd2 Nc7 19. b3 (19. Rac1 $15) 19... Ne6 20. Bg3 f5 (20... a5 $15) 21. exf6 $1 $11 gxf6 22. Bf4 $2 (22. Bh4 $11) 22... f5 $1 $19 {[%cal Rf5e4]} 23. Bh6 fxe4 24. Qg4+ $2 (24. Qg3+ Kh8 25. Bxf8 Nxf8 26. Nxe4) 24... Kh8 25. Bxf8 Qxf8 ({Not} 25... Nxf8 26. Nxe4 Qd7 27. Qxd7 $17) 26. Nxe4 Qf7 {And now ...Rg8 would win.} 27. Ng3 (27. Rd3 $142 Qf4 28. Qxf4 Nxf4 29. Rf3 Nxg2 30. Rf5 Bxe4 31. Re5) 27... Rg8 28. Qh3 {[#]} Nf4 $1 {[%mdl 64] Double Attack} 29. Qd7 Nxg2 {White must now prevent ...Nh4.} 30. Rd2 Nh4 {aiming for ...Nf3+.} 31. Re2 Nf3+ (31... Qf3 $142 32. Qxd5 Qxd5 33. f3 Nxf3+ 34. Kf1 Nxh2+ $1 {[%mdl 512]} 35. Rxh2 Rxg3 36. Rf2 d3 37. Rf8+ Bxf8 38. Ke1 Qe6+ 39. Kf2 Qe3+ 40. Kf1 Rg1#) 32. Kf1 Nxh2+ 33. Ke1 {[#]} Nf3+ (33... Rxg3 $142 $1 34. Qxd5 (34. fxg3 Qf1+) 34... Qxd5 35. fxg3 Qh1+ 36. Kd2 Qxa1 37. Rxe7 Nf3+ 38. Kd3 Qc3+ 39. Ke2 Qe1+ {[%mdl 64] Double Attack} 40. Kd3 Qxe7 41. b4 Ne5+ 42. Ke4 d3 43. Ke3 Qg5+ {[%mdl 64] Double Attack} 44. Ke4 d2 45. Kd5 d1=Q+ 46. Kxc5 Qe3+ 47. Kb5 Qb6#) 34. Kd1 Bf6 (34... Bxb3+ $142 35. Rc2 Bxc2+ 36. Ke2 {[#]} Bd3+ $1 {[%mdl 576] Decoy} 37. Kxd3 Ne5+ {[%mdl 64] Double Attack, Discovered Attack} 38. Ke4 Nxd7 39. Rb1 Qxf2 40. Rb3 Nf6+ 41. Ke5 Qe1+ 42. Kf5 Bd6 43. Re3 Qxe3 44. Ne4 Qxe4+ 45. Kxf6 Qg6#) 35. Qxf7 {Black is clearly winning.} Bxf7 36. Rc1 Rc8 37. Rec2 {[#]} c4 $1 38. bxc4 d3 {Accuracy: White = 31%, Black = 54%.} 0-1

[Event "23rd Alekhine FIDE 2019"]
[Site "Voronezh"]
[Date "2019.06.16"]
[Round "5.11"]
[White "Beldyugin, Alexey"]
[Black "Selensky, Andrey"]
[Result "1-0"]
[WhiteElo "2126"]
[BlackElo "2006"]
[Annotator "TA"]
[PlyCount "97"]
[EventDate "2019.06.12"]
[EventType "swiss"]
[EventCountry "RUS"]
[SourceTitle "playchess.com"]
[Source "ChessBase"]
[SourceQuality "1"]

{[%evp 12,97,31,2,15,11,8,2,31,42,35,28,37,39,21,-52,-42,-46,0,-6,0,0,-5,0,11,4,14,0,17,12,10,0,11,0,0,8,36,30,36,36,34,41,83,25,198,156,454,280,491,391,590,557,752,755,747,429,609,600,649,461,452,473,458,453,444,438,529,545,544,535,564,559,600,610,660,677,645,606,559,554,622,620,617,604,631,641,847,829]} 1. c4 e6 2. g3 Nf6 3. Bg2 d5 4. Nf3 c6 5. b3 Bd6 6. Bb2 Nbd7 7. O-O e5 {A13: English Opening: 1...e6} (7... O-O 8. Nc3 a6 9. d3 Re8 10. e4 dxe4 11. Nxe4 Nxe4 12. dxe4 Qc7 13. Qc2 e5 14. Rad1 a5 15. Nh4 Nc5 16. Nf5 {½-½ (51) Dzagnidze,N (2522)-Lei,T (2528) Riadh 2017}) 8. cxd5 cxd5 9. Nc3 a6 {The position is equal.} 10. Nh4 Nb6 11. a4 $146 ({Predecessor:} 11. e4 d4 12. Ne2 O-O 13. d3 Be6 14. h3 {0-1 (26) Kleissl,H (2306)-Atlas,D (2323) Austria 2011}) 11... Be6 12. d4 e4 {[#] Threatens to win with ...g5.} 13. Qd2 (13. f3 $11) 13... Ng4 $15 14. f4 f5 15. a5 Nd7 16. Ba3 $36 {[%mdl 2048] White has some pressure.} Bxa3 17. Rxa3 Rc8 18. Bh3 Qe7 19. Ra2 Ndf6 20. Bxg4 Nxg4 21. h3 Nf6 22. Na4 Nh5 23. Kh2 Rc6 24. Rc2 Rxc2 25. Qxc2 g5 26. Ng2 Rg8 {White should prevent ...gxf4.} 27. Qc5 ({Better is} 27. Nc5 $16) 27... Qf6 $2 (27... Qd8 $11) 28. Qd6 Rg6 $2 (28... gxf4 $16 29. Nxf4 Nxf4 30. Rxf4 (30. Qxf4 Qxd4 31. g4 Rf8 $16) 30... Qe7 31. Qxe7+ Kxe7) 29. Nc5 Ng7 $2 (29... gxf4 {was worth a try.} 30. Nxf4 Nxf4 31. Qxf4 Bc8) 30. Qb8+ Kf7 (30... Qd8 {might work better.} 31. Qxb7 Bc8) 31. Qxb7+ {White is clearly winning.} Kf8 32. Qb8+ Ne8 33. Qe5 g4 (33... Qxe5 $142 34. dxe5 Nc7) 34. hxg4 $18 fxg4 35. Qxf6+ Rxf6 36. Nxa6 Bd7 37. Nc5 Bb5 38. Re1 Nc7 39. Ne3 h5 40. Kg2 Kg7 41. Kf2 Kg6 42. Ra1 Rd6 43. Rc1 Rc6 44. Rc2 Kf7 45. Nb7 {[#] aiming for Nd8+.} Rxc2 46. Nxc2 Ke7 47. Nb4 Kd7 48. Nc5+ Kc8 49. f5 {Accuracy: White = 70%, Black = 27%.} 1-0

[Event "23rd Alekhine FIDE 2019"]
[Site "Voronezh"]
[Date "2019.06.16"]
[Round "5.12"]
[White "Al-Hajiri, Bader"]
[Black "Katkov, Vitaly"]
[Result "1-0"]
[WhiteElo "2121"]
[BlackElo "2001"]
[Annotator "TA"]
[PlyCount "83"]
[EventDate "2019.06.12"]
[EventType "swiss"]
[EventCountry "RUS"]
[SourceTitle "playchess.com"]
[Source "ChessBase"]
[SourceQuality "1"]

{[%evp 9,83,16,14,10,54,39,35,28,157,152,248,259,254,253,258,256,306,255,257,258,234,236,248,257,376,383,358,378,411,411,386,250,275,279,260,252,285,258,252,238,421,308,356,348,368,264,266,220,320,320,304,320,326,331,316,239,226,228,296,303,404,404,366,283,281,278,500,552,543,527,605,569,673,658,2007,1713]} 1. e4 c5 2. Nf3 d6 3. d4 Nf6 4. Nc3 cxd4 5. Qxd4 Nc6 6. Bb5 {B53: Sicilian: 2...d6: Lines with Qxd4} Qd7 (6... Bd7 7. Bxc6 Bxc6 8. Bg5 e6 9. O-O-O Be7 10. Qd3 Qa5 11. h4 h6 12. Bd2 Qa6 13. Nd4 Qxd3 14. cxd3 Ng4 15. Nxc6 bxc6 16. Rdf1 d5 17. Kc2 Bc5 18. Nd1 h5 19. Bc3 Nf6 20. f3 {1-0 (59) Hamdouchi,H (2580)-Navara,D (2727) Brest 2018}) 7. Qa4 {Nd5 is the strong threat.} a6 8. e5 $146 {White is slightly better.} ({Predecessor:} 8. O-O Rb8 9. Bxc6 Qxc6 10. Qxc6+ bxc6 11. e5 Nd5 12. Nxd5 cxd5 13. exd6 exd6 {1-0 (55) Farkas,G (2230)-Forgacs,A (2135) Veszprem 2000}) 8... axb5 (8... dxe5 $11 {remains equal.} 9. O-O e6) 9. Qxa8 $16 dxe5 (9... b4 $16) 10. O-O {[#] Threatens to win with Rd1.} e6 11. Rd1 ({Resist} 11. Nxb5 $6 e4 $18) 11... Nd5 12. Nxb5 Bc5 13. c4 Nb6 14. Rxd7 Nxa8 15. Rd1 Ke7 16. a3 e4 (16... Nb6 $142 17. b4 Bd4) 17. Ng5 $18 f5 18. b4 Ba7 19. Nxa7 Nxa7 20. Nh3 Nc6 21. Bb2 Rg8 22. Nf4 g5 23. Nh5 Nb6 24. Rac1 Rg6 $2 (24... Nd7 {was necessary.} 25. c5 Nce5) 25. Ng3 Nd7 26. c5 Nce5 27. Ba1 Nd3 28. Rc3 {Hoping for f3.} Nf4 (28... g4 {is a better defense.} 29. c6 bxc6 30. Rxc6 Bb7) 29. f3 exf3 30. Rxf3 h5 31. h4 Nxg2 32. Nxf5+ ({Weaker is} 32. Nxh5 Nxh4 33. Rf2 f4 $11) 32... exf5 33. Kxg2 Nf8 34. hxg5 Nh7 35. Rd6 Be6 36. Kh2 Nxg5 37. Rf4 Nf7 $2 (37... Kf7 {was worth a try.} 38. Rf1 h4) 38. Rb6 {White is clearly winning.} Nd8 39. a4 {[%cal Ba3a4,Ba4a5,Ba5a6][%mdl 32]} Kd7 40. Be5 Kc8 41. a5 {[#] And now a6 would win.} Nc6 42. a6 {Accuracy: White = 79%, Black = 40%.} 1-0

[Event "23rd Alekhine FIDE 2019"]
[Site "Voronezh"]
[Date "2019.06.16"]
[Round "5.13"]
[White "Mezhov, Dmitriy"]
[Black "Manukovsky, Vladimir"]
[Result "1/2-1/2"]
[WhiteElo "1974"]
[BlackElo "2107"]
[Annotator "RC"]
[PlyCount "150"]
[EventDate "2019.06.12"]
[EventType "swiss"]
[EventCountry "RUS"]
[SourceTitle "playchess.com"]
[Source "ChessBase"]
[SourceQuality "1"]
[TimeControl "40/5400+30:1800+30"]

1. e4 {[%emt 0:00:00]} c5 {[%emt 0:02:12]} 2. Nf3 {[%emt 0:00:00]} d6 {[%emt 0:01:32]} 3. Bb5+ {[%emt 0:00:47]} Nd7 {[%emt 0:00:17]} 4. O-O {[%emt 0:00:47]} a6 {[%emt 0:00:20]} 5. Bxd7+ Bxd7 {[%emt 0:00:09]} 6. Re1 {[%emt 0:01:10]} e6 {[%emt 0:02:22]} 7. c3 {[%emt 0:00:20]} Be7 {[%emt 0:00:37]} 8. d4 {[%emt 0:00:04]} Nf6 {[%emt 0:00:11]} 9. e5 {[%emt 0:05:55]} Nd5 {[%emt 0:05:40]} 10. c4 {[%emt 0:00:21]} Nb6 {[%emt 0:00:55]} 11. exd6 {[%emt 0:02:29]} Bxd6 {[%emt 0:00:31]} 12. b3 {[%emt 0:00:02]} O-O {[%emt 0:01:16]} 13. Bb2 {[%emt 0:00:26]} Bc6 {[%emt 0:01:20]} 14. Nbd2 {[%emt 0:01:23]} Nd7 {[%emt 0:00:57]} 15. Ne4 {[%emt 0:01:51]} Bxe4 {[%emt 0:01:41]} 16. Rxe4 {[%emt 0:00:01]} Nf6 {[%emt 0:00:18]} 17. Re1 {[%emt 0:00:47]} Rc8 {[%emt 0:01:24]} 18. Qe2 {[%emt 0:05:04]} cxd4 {[%emt 0:02:01]} 19. Bxd4 {[%emt 0:01:32]} Qc7 {[%emt 0:00:32]} 20. h3 {[%emt 0:06:03]} Rfd8 {[%emt 0:00:13]} 21. Qe3 {[%emt 0:00:34]} Bc5 {[%emt 0:03:57]} 22. Bxc5 {[%emt 0:06:40]} Qxc5 {[%emt 0:00:09]} 23. Qxc5 {[%emt 0:00:02]} Rxc5 {[%emt 0:00:24]} 24. Rad1 {[%emt 0:00:03]} Rxd1 {[%emt 0:05:01]} 25. Rxd1 {[%emt 0:00:04]} Kf8 {[%emt 0:00:08]} 26. Nd2 {[%emt 0:02:53]} Ke7 {[%emt 0:01:49]} 27. Kf1 {[%emt 0:00:43]} Rc7 {[%emt 0:00:32]} 28. Ke2 {[%emt 0:00:23]} b5 {[%emt 0:00:21]} 29. f3 {[%emt 0:10:39]} bxc4 {[%emt 0:01:16]} 30. bxc4 {[%emt 0:00:04]} Nd7 {[%emt 0:00:54]} 31. Kd3 {[%emt 0:00:21]} h5 {[%emt 0:02:37]} 32. Rb1 {[%emt 0:03:45]} g5 {[%emt 0:00:37]} 33. Kd4 {[%emt 0:03:10]} f5 {[%emt 0:01:04]} 34. h4 e5+ {[%emt 0:01:19]} 35. Ke3 {[%emt 0:05:32]} gxh4 {[%emt 0:06:29]} 36. Rh1 {[%emt 0:00:07]} Nf6 {[%emt 0:10:03]} 37. Rxh4 {[%emt 0:00:05]} Kd6 {[%emt 0:02:29]} 38. Rh1 {[%emt 0:02:35]} Rg7 {[%emt 0:03:03]} 39. Kf2 {[%emt 0:00:48]} Rb7 {[%emt 0:02:52]} 40. Nb3 {[%emt 0:01:28]} Rb4 {[%emt 0:04:57]} 41. Rd1+ {[%emt 0:31:36]} Kc7 {[%emt 0:32:43]} 42. c5 {[%emt 0:01:02]} h4 {[%emt 0:05:45]} 43. Rd6 {[%emt 0:00:11]} Nd7 {[%emt 0:02:13]} 44. Rxa6 {[%emt 0:00:33]} Rc4 {[%emt 0:01:13]} 45. Rh6 {[%emt 0:08:19]} Rc2+ {[%emt 0:01:22]} 46. Kg1 {[%emt 0:00:02]} Rxa2 {[%emt 0:01:05]} 47. Rxh4 {[%emt 0:00:04]} Rb2 {[%emt 0:04:20]} 48. Nc1 {[%emt 0:00:04]} f4 {[%emt 0:02:57]} 49. Nd3 {[%emt 0:00:53]} Rd2 {[%emt 0:00:43]} 50. Nxf4 {[%emt 0:00:23]} exf4 {[%emt 0:00:23]} 51. Rxf4 {[%emt 0:00:01]} Nxc5 {[%emt 0:00:18]} 52. Kh2 {[%emt 0:00:06]} Kd6 {[%emt 0:00:39]} 53. Kh3 {[%emt 0:00:16]} Ke5 {[%emt 0:00:19]} 54. Rg4 {[%emt 0:01:30]} Ne6 {[%emt 0:02:11]} 55. g3 {[%emt 0:01:27]} Kf5 {[%emt 0:00:33]} 56. f4 {[%emt 0:00:39]} Rd3 {[%emt 0:02:53]} 57. Rh4 {[%emt 0:00:45]} Re3 {[%emt 0:02:25]} 58. Rh5+ {[%emt 0:02:00]} Kg6 {[%emt 0:00:08]} 59. Kh4 {[%emt 0:00:08]} Nd4 {[%emt 0:02:00]} 60. g4 {[%emt 0:04:17]} Nf3+ {[%emt 0:02:29]} 61. Kg3 {[%emt 0:00:05]} Ne5+ {[%emt 0:00:27]} 62. Kh4 {[%emt 0:00:04]} Nf3+ {[%emt 0:02:37]} 63. Kg3 {[%emt 0:00:04]} Ne1+ {[%emt 0:00:32]} 64. Kf2 {[%emt 0:00:12]} Re4 {[%emt 0:00:28]} 65. Kg3 {[%emt 0:00:50]} Re3+ {[%emt 0:01:50]} 66. Kf2 {[%emt 0:00:04]} Re4 {[%emt 0:00:03]} 67. Kg3 {[%emt 0:00:06]} Nd3 {[%emt 0:01:05]} 68. f5+ {[%emt 0:05:40]} Kf6 {[%emt 0:01:18]} 69. Rh6+ {[%emt 0:00:04]} Kg7 {[%emt 0:00:11]} 70. g5 {[%emt 0:00:04]} Ne5 {[%emt 0:00:58]} 71. Re6 {[%emt 0:01:14]} Rg4+ {[%emt 0:00:58]} 72. Kh3 {[%emt 0:00:06]} Rxg5 {[%emt 0:00:25]} 73. Rxe5 {[%emt 0:00:05]} Kf6 {[%emt 0:00:02]} 74. Ra5 {[%emt 0:00:16]} Rxf5 {[%emt 0:00:02]} 75. Rxf5+ {[%emt 0:00:07]} Kxf5 {[%emt 0:00:06]} 1/2-1/2

[Event "23rd Alekhine FIDE 2019"]
[Site "Voronezh"]
[Date "2019.06.16"]
[Round "5.14"]
[White "Gorshkov, Yury S."]
[Black "Polukhin, Alexander"]
[Result "1/2-1/2"]
[WhiteElo "2103"]
[BlackElo "1968"]
[Annotator "TA"]
[PlyCount "60"]
[EventDate "2019.06.12"]
[EventType "swiss"]
[EventCountry "RUS"]
[SourceTitle "playchess.com"]
[Source "ChessBase"]
[SourceQuality "1"]

{[%evp 17,60,22,30,20,29,15,36,-65,-77,-62,-19,-53,-66,-163,-148,-206,-212,-175,0,0,0,0,0,0,0,0,0,0,0,0,0,0,0,0,0,0,0,0,0,0,0,0,0,0,0]} 1. d4 d5 2. c4 c6 3. Nf3 Nf6 4. Nc3 e6 5. e3 Nbd7 6. Qc2 Bd6 7. Bd3 O-O 8. O-O e5 9. cxd5 cxd5 {aiming for ...e4.} 10. Nb5 {D46: Semi-Slav: 5 e3 Nbd7 6 Bd3, Black avoids the Meran} Bb8 11. dxe5 Nxe5 12. Bf5 $146 ({White should try} 12. Nxe5 $14 Bxe5 13. f4) ({Predecessor:} 12. Nxe5 Bxe5 13. Bd2 a6 14. Bc3 Bxc3 15. Nxc3 d4 16. exd4 Qxd4 17. Rad1 Qb6 {½-½ (28) Wojtaszek,R (2730)-Ding,L (2783) Khanty-Mansiysk 2017}) 12... Nxf3+ $15 13. gxf3 Be6 14. b3 Be5 15. Ba3 {[#]} ({Better is} 15. Nd4 $1 $15) 15... Re8 $1 $19 16. Rad1 (16. Rac1 $17 {was worth a try.}) 16... Rc8 17. Qd3 {[#]} Ne4 $2 (17... Qd7 $1 $19 18. Bxe6 Qxe6) 18. fxe4 $11 {Hoping for f4.The position is equal.} Bxh2+ 19. Kxh2 Qh4+ 20. Kg2 Qg5+ 21. Kh2 Qh5+ 22. Kg1 Qg5+ 23. Kh2 Qh4+ 24. Kg1 {Strongly threatening Bd6.} Qg5+ 25. Kh2 Qh4+ 26. Kg2 Qg5+ 27. Kh2 Qh4+ 28. Kg2 Qg5+ 29. Kh2 Qh4+ 30. Kg2 Qg5+ {Accuracy: White = 19%, Black = 64%.} 1/2-1/2